000 00716nam a22002537a 4500
001 50280
003 UA-OsUOA
005 20210725133451.0
007 ta
008 20071112b un ||||| |||| 00| 0 ukr d
020 _a966-8290-01-1
040 _aUA-OsUOA
_bukr
_cUA-OsUOA
_dUA-OsUOA
041 _aukr
080 _a929:94(100)
090 _a929:94(100)
_bП36
100 _aПідлуцький О.
245 _aПостаті ХХ століття
260 _aК.
_bТріада-А
_c2004
300 _a118 с.
650 7 _a9 Географія. Біографії. Історія
_2UDC
942 _cBK
_2udc
955 _a2
999 _c336381
_d336381